[Event "Valencia ch-B 2005"]
[Site "Cullera ESP"]
[Date "2005.07.24"]
[Round "4.3"]
[White "Buenafe Moya, Javier"]
[Black "Camarena Gimenez, Rufino"]
[Result "1/2-1/2"]
[WhiteElo "2240"]
[BlackElo "2374"]
[PlyCount "113"]
[EventDate "2005.07.19"]
[EventType "tourn"]
[EventRounds "5"]
[EventCountry "ESP"]
[Source "lmi"]
[SourceDate "2005.08.01"]

1. c4 e5 2. Nc3 Nf6 3. g3 Bb4 4. Bg2 O-O 5. e3 Re8 6. Nge2 c6 7. d4 e4 8. d5 d6
9. h3 c5 10. O-O h5 11. Qc2 Bf5 12. a3 Bxc3 13. Nxc3 Qd7 14. Kh2 Na6 15. b3 Nc7
16. Bb2 Re7 17. Nb1 Nh7 18. Nd2 Rae8 19. Qc3 f6 20. b4 b6 21. a4 Ng5 22. h4 Nf7
23. a5 Ne5 24. axb6 axb6 25. bxc5 dxc5 26. Qb3 Ng4+ 27. Kg1 Qd6 28. Rfb1 g5 29.
hxg5 h4 30. Nf1 fxg5 31. Ra7 Rh7 32. Ba1 Rb8 33. Qb2 b5 34. cxb5 Rxb5 35. Qc2
Qxd5 36. Rxb5 Nxb5 37. Rxh7 Kxh7 38. Qb2 Qd7 39. Qh8+ Kg6 40. gxh4 gxh4 41.
Qxh4 Nd6 42. Ng3 Qh7 43. Nxf5 Qxh4 44. Nxh4+ Kh5 45. Nf3 exf3 46. Bxf3 Kg5 47.
Bd1 Ne4 48. Bxg4 Kxg4 49. Kg2 Nd2 50. Bc3 Nf3 51. Kf1 Kf5 52. Ke2 Ke4 53. Ba5
Ng1+ 54. Kd2 Kf3 55. Bb6 Nh3 56. Bxc5 Nxf2 57. Bd4 1/2-1/2

[Event "Valencia ch-B 2005"]
[Site "Cullera ESP"]
[Date "2005.07.25"]
[Round "5.1"]
[White "Saldaño Dayer, Horacio"]
[Black "Carrascoso Morales, Abel"]
[Result "1/2-1/2"]
[WhiteElo "2447"]
[BlackElo "2165"]
[PlyCount "39"]
[EventDate "2005.07.19"]
[EventType "tourn"]
[EventRounds "5"]
[EventCountry "ESP"]
[Source "lmi"]
[SourceDate "2005.08.01"]

1. e4 d6 2. d4 Nf6 3. Nc3 g6 4. Nf3 Bg7 5. Be2 O-O 6. O-O Nc6 7. d5 Ne5 8. Nxe5
dxe5 9. Be3 Ne8 10. Qd2 Nd6 11. Bh6 e6 12. Bxg7 Kxg7 13. f4 exd5 14. Qxd5 exf4
15. Qd4+ Kg8 16. Rxf4 Be6 17. e5 Nf5 18. Qf2 c6 19. g4 Ne7 20. Ne4 1/2-1/2

[Event "Valencia ch-B 2005"]
[Site "Cullera ESP"]
[Date "2005.07.25"]
[Round "5.2"]
[White "Camarena Gimenez, Rufino"]
[Black "Castella Garcia, Fausto"]
[Result "0-1"]
[WhiteElo "2374"]
[BlackElo "2414"]
[PlyCount "77"]
[EventDate "2005.07.19"]
[EventType "tourn"]
[EventRounds "5"]
[EventCountry "ESP"]
[Source "lmi"]
[SourceDate "2005.08.01"]

1. e4 c5 2. Nf3 d6 3. d3 Nc6 4. g3 g6 5. Bg2 Bg7 6. O-O Nf6 7. c3 O-O 8. Re1
Bg4 9. h3 Bxf3 10. Bxf3 Nd7 11. Bg2 Rb8 12. Nd2 b5 13. a3 Nb6 14. Nf3 a5 15. h4
a4 16. h5 Qd7 17. Ng5 h6 18. Nh3 g5 19. f4 gxf4 20. Bxf4 b4 21. Rc1 bxc3 22.
bxc3 c4 23. d4 e5 24. dxe5 Nxe5 25. Nf2 Qe7 26. Bh3 Nbd7 27. Re2 Nc5 28. Ng4
Ncd3 29. Re3 Nxg4 30. Qxg4 Nxf4 31. gxf4 Kh8 32. Qd7 Qxd7 33. Bxd7 Rb3 34. Bxa4
Rxa3 35. Bc6 Rc8 36. Bb7 Rc7 37. Bd5 Bd4 38. Kf2 Bxe3+ 39. Kxe3 0-1

[Event "Valencia ch-B 2005"]
[Site "Cullera ESP"]
[Date "2005.07.25"]
[Round "5.3"]
[White "Rosa Cintas, Raul"]
[Black "Buenafe Moya, Javier"]
[Result "1/2-1/2"]
[WhiteElo "2390"]
[BlackElo "2405"]
[PlyCount "114"]
[EventDate "2005.07.19"]
[EventType "tourn"]
[EventRounds "5"]
[EventCountry "ESP"]
[Source "lmi"]
[SourceDate "2005.08.01"]

1. e4 c6 2. c4 d5 3. exd5 cxd5 4. d4 Nf6 5. Nc3 Nc6 6. Bg5 e6 7. Nf3 Be7 8. a3
Ne4 9. Bxe7 Nxc3 10. Bxd8 Nxd1 11. Rxd1 Nxd8 12. c5 a5 13. b4 axb4 14. axb4 Bd7
15. b5 f6 16. Be2 Ra2 17. Nd2 Rb2 18. Rb1 Rxb1+ 19. Nxb1 e5 20. dxe5 fxe5 21.
Nc3 d4 22. Ne4 Ke7 23. Kd2 Be6 24. Ra1 Bd5 25. Bf3 Ne6 26. Ra7 Bxe4 27. Bxe4
Nxc5 28. Bxb7 Kd6 29. Bc6 g5 30. Rg7 h6 31. Rg6+ Ke7 32. Rg7+ Kf6 33. Ra7 Rb8
34. f3 h5 35. Rh7 h4 36. g3 hxg3 37. hxg3 g4 38. fxg4 e4 39. Rh6+ Ke7 40. Rh5
e3+ 41. Ke2 Nb3 42. Re5+ Kd6 43. Rd5+ Ke6 44. Rh5 Rd8 45. Rh6+ Kf7 46. Rh1 Na5
47. Kd3 Nb3 48. Kc2 Nc5 49. b6 d3+ 50. Kc3 d2 51. Bf3 Na4+ 52. Kc2 Nxb6 53.
Rh7+ Kg6 54. Rc7 Kg5 55. Rc5+ Nd5 56. Rxd5+ Rxd5 57. Bxd5 Kxg4 1/2-1/2

[Event "Valencia ch final 2005"]
[Site "Cullera ESP"]
[Date "2005.07.28"]
[Round "1"]
[White "Saldaño Dayer, Horacio"]
[Black "Alvarez Ibarra, Rafael"]
[Result "1-0"]
[WhiteElo "2447"]
[BlackElo "2405"]
[PlyCount "47"]
[EventDate "2005.07.21"]
[EventType "match"]
[EventRounds "2"]
[EventCountry "ESP"]
[Source "lmi"]
[SourceDate "2005.08.01"]

1. e4 c5 2. Nf3 Nc6 3. Bb5 d6 4. Bxc6+ bxc6 5. O-O Bg4 6. h3 Bh5 7. d3 e5 8.
Be3 Ne7 9. Nbd2 f5 10. Bg5 f4 11. c3 h6 12. Bxe7 Bxe7 13. Qa4 O-O 14. Qxc6 Rb8
15. Qa4 Rxb2 16. Qxa7 Rxd2 17. Nxd2 f3 18. g3 Bg5 19. Nc4 Bg4 20. hxg4 Qc8 21.
Rab1 Qxg4 22. Rb7 Bf6 23. Ne3 Qh3 24. Qa5 1-0

[Event "Valencia ch final 2005"]
[Site "Cullera ESP"]
[Date "2005.07.29"]
[Round "2"]
[White "Alvarez Ibarra, Rafael"]
[Black "Saldaño Dayer, Horacio"]
[Result "1/2-1/2"]
[WhiteElo "2405"]
[BlackElo "2447"]
[PlyCount "26"]
[EventDate "2005.07.21"]
[EventType "match"]
[EventRounds "2"]
[EventCountry "ESP"]
[Source "lmi"]
[SourceDate "2005.08.01"]

1. c4 c6 2. d4 d5 3. Nc3 Nf6 4. e3 e6 5. Nf3 a6 6. c5 Nbd7 7. b4 g6 8. Bd3 Qc7
9. O-O Bg7 10. e4 dxe4 11. Nxe4 Nxe4 12. Bxe4 a5 13. g3 O-O 1/2-1/2

[Event "Valencia ch sf 2005"]
[Site "Cullera ESP"]
[Date "2005.07.26"]
[Round "1.1"]
[White "Saldaño Dayer, Horacio"]
[Black "Arizmendi Martinez, Julen Luis"]
[Result "1/2-1/2"]
[WhiteElo "2447"]
[BlackElo "2504"]
[PlyCount "35"]
[EventDate "2005.07.26"]
[EventType "match"]
[EventRounds "2"]
[EventCountry "ESP"]
[Source "lmi"]
[SourceDate "2005.08.01"]

1. d4 Nf6 2. Nf3 g6 3. c4 Bg7 4. Nc3 O-O 5. Bg5 d6 6. e3 c5 7. d5 e6 8. Nd2
exd5 9. cxd5 h6 10. Bh4 Na6 11. e4 Nc7 12. a4 b6 13. Be2 Re8 14. O-O Ba6 15. f4
Qd7 16. Bxa6 Nxa6 17. Bxf6 Bxf6 18. e5 1/2-1/2

[Event "Valencia ch sf 2005"]
[Site "Cullera ESP"]
[Date "2005.07.26"]
[Round "1.2"]
[White "Alvarez Ibarra, Rafael"]
[Black "Castella Garcia, Fausto"]
[Result "1/2-1/2"]
[WhiteElo "2405"]
[BlackElo "2414"]
[PlyCount "31"]
[EventDate "2005.07.26"]
[EventType "match"]
[EventRounds "2"]
[EventCountry "ESP"]
[Source "lmi"]
[SourceDate "2005.08.01"]

1. Nf3 Nf6 2. c4 g6 3. g3 Bg7 4. Bg2 O-O 5. O-O c5 6. d4 cxd4 7. Nxd4 Nc6 8.
Nc3 Qa5 9. e3 d6 10. Bd2 Nxd4 11. exd4 Qb6 12. Bc1 Bg4 13. Qd2 Rab8 14. b3 Qa5
15. h3 Bd7 16. a4 1/2-1/2

[Event "Valencia ch sf 2005"]
[Site "Cullera ESP"]
[Date "2005.07.27"]
[Round "2.1"]
[White "Arizmendi Martinez, Julen Luis"]
[Black "Saldaño Dayer, Horacio"]
[Result "1/2-1/2"]
[WhiteElo "2504"]
[BlackElo "2447"]
[PlyCount "29"]
[EventDate "2005.07.26"]
[EventType "match"]
[EventRounds "2"]
[EventCountry "ESP"]
[Source "lmi"]
[SourceDate "2005.08.01"]

1. e4 c5 2. Nf3 e6 3. d4 cxd4 4. Nxd4 a6 5. Nc3 Qc7 6. Bd3 Nc6 7. Nxc6 dxc6 8.
O-O e5 9. f4 Nf6 10. Kh1 Bc5 11. Qf3 Ng4 12. f5 h5 13. Qg3 Kf8 14. a4 a5 15.
Be2 1/2-1/2

[Event "Valencia ch sf 2005"]
[Site "Cullera ESP"]
[Date "2005.07.27"]
[Round "2.2"]
[White "Castella Garcia, Fausto"]
[Black "Alvarez Ibarra, Rafael"]
[Result "1/2-1/2"]
[WhiteElo "2414"]
[BlackElo "2405"]
[PlyCount "48"]
[EventDate "2005.07.26"]
[EventType "match"]
[EventRounds "2"]
[EventCountry "ESP"]
[Source "lmi"]
[SourceDate "2005.08.01"]

1. e4 e5 2. Nf3 Nc6 3. Bc4 Bc5 4. c3 Nf6 5. d3 a6 6. Bb3 d6 7. Nbd2 Ba7 8. h3
O-O 9. Nf1 Ne7 10. Bg5 Ng6 11. Nh4 Kh8 12. Ne3 h6 13. Nxg6+ fxg6 14. Bh4 Bxe3
15. fxe3 Qe7 16. O-O g5 17. Bg3 g4 18. hxg4 Bxg4 19. Qd2 Be6 20. Bd1 Qf7 21.
Bf3 Qg6 22. Bh4 Ng4 23. c4 Qh5 24. Bg3 Qg5 1/2-1/2